| 000 | 00735nam a22002417a 4500 | ||
|---|---|---|---|
| 005 | 20170124110028.0 | ||
| 010 | _aA-633597 | ||
| 020 | _c00.00 | ||
| 035 | _aA-633597 | ||
| 037 | _bCen Lib/Ret | ||
| 040 |
_aDPL _bEN |
||
| 082 |
_a552 _bTUR |
||
| 100 |
_a Turner, Francis J. _921129 |
||
| 245 |
_aIgneous and metamorphic petrology / _cby Francis J. Turner [and ] John Verhoogen |
||
| 260 |
_aDelhi _bCBS Publishers _c1960 |
||
| 270 |
_bDelhi _a485, Jain Bhawan, Bhola Nath Nagar, Shahdara _e110032 |
||
| 300 |
_avi,694p. _c20cm(Hb) |
||
| 500 | _aIncludes index | ||
| 650 |
_aIgneous rocks _921130 |
||
| 650 |
_aCrystalline rocks _921131 |
||
| 700 |
_a Verhoogen, John _921132 |
||
| 942 |
_2ddc _cEN _h552 _mTUR |
||
| 999 |
_c127656 _d127656 |
||